| 000 | 00759cam a2200205 i 4500 | ||
|---|---|---|---|
| 005 | 20260114102629.0 | ||
| 008 | 250721s2019 iq gr 000 0 ara d | ||
| 020 | _a9789922906829 | ||
| 082 | 1 | 4 |
_a305.61059 / _bع ب و . |
| 100 | 1 |
_aعبود، سحر محسن. _eمؤلف . |
|
| 245 | 1 | 0 |
_aواقع الأقليات المسلمة في دول جنوب شرق اسيا : _bميانمار والفلبين أنموذجا / |
| 250 | _aالطبعة الاولى | ||
| 264 | 1 |
_aبغداد : _bمكتب الهاشمي للكتاب الجامعي، _c2019. |
|
| 300 | _a243صفحة . | ||
| 650 | 1 | 7 | _aالاقليات الدينية |
| 650 | 1 | 7 | _aجنوب شرق اسيا |
| 650 | 1 | 7 | _aالمسلمون |
| 942 |
_2ddc _cBK |
||
| 999 |
_c140125 _d140125 |
||